000 00569nam a22002057a 4500
003 LK-CoMWRAF
005 20231120122947.0
008 231013b1961 |||||||| |||| 00| 0 eng d
040 _aLK-CoMWRAF
_dLK-CoMWRAF
_eLK-CoMWRAF
041 _aeng
082 _a150
_bHOL
100 _aHolland, James G.
245 _a The Analysis of Behavior:
_ba program for self-instruction
260 _aNew York:
_b McGraw-Hill Book,
_c1961
300 _ax, 337 p. illus. 23 cm.
650 _aHUMAN BEHAVIOUR
650 _aPsychophysiology
700 _aSkinner, B.F.
942 _cBK
999 _c3840
_d3840